[Event "Orlova op 9th"]
[Site "Orlova"]
[Date "2012.05.24"]
[Round "4.7"]
[White "Szneider, Kazimierz"]
[Black "Wodecki, Daniel"]
[Result "0-1"]
[WhiteElo "1791"]
[BlackElo "2011"]
[PlyCount "72"]
[EventDate "2012.05.21"]
[EventType "swiss"]
[EventRounds "7"]
[EventCountry "CZE"]
[SourceTitle "CBM 148 Extra"]
[Source "ChessBase"]
[SourceDate "2012.06.22"]
[SourceVersion "1"]
[SourceVersionDate "2012.06.22"]
[SourceQuality "1"]

1. d4 Nf6 2. c4 e6 3. Nf3 b6 4. g3 Bb7 5. Bg2 Be7 6. 0-0 0-0 7. b3 d6 8. Bb2 Nbd7 9. Re1 Rb8 10. Nbd2 Ne4 11. Qc2 f5 12. Rad1 Qe8 13. d5 Nxd2 14. Rxd2 e5 15. e3 Qh5 16. Qd1 g5 17. h3 Qh6 18. Nh2 Bf6 19. f3 Rf7 20. e4 Qg6 21. exf5 Qxf5 22. Qc2 Qxc2 23. Rxc2 h5 24. Rd2 Rbf8 25. Bf1 Kg7 26. Bd3 a5 27. Kg2 Nc5 28. Be4 Bc8 29. Bc2 Be7 30. Ba3 Bd7 31. Bd1 h4 32. g4 Bf6 33. Nf1 e4 34. fxe4 Bc3 35. Bb2 Bxb2 36. Rxb2 Nd3 0-1

[Event "Orlova op 9th"]
[Site "Orlova"]
[Date "2012.05.22"]
[Round "2.2"]
[White "Andreev, Eduard"]
[Black "Wodecki, Daniel"]
[Result "1/2-1/2"]
[WhiteElo "2499"]
[BlackElo "2011"]
[PlyCount "121"]
[EventDate "2012.05.21"]
[EventType "swiss"]
[EventRounds "7"]
[EventCountry "CZE"]
[SourceTitle "CBM 148 Extra"]
[Source "ChessBase"]
[SourceDate "2012.06.22"]
[SourceVersion "1"]
[SourceVersionDate "2012.06.22"]
[SourceQuality "1"]

1. e4 c6 2. d4 d5 3. e5 Bf5 4. Nf3 e6 5. Be2 Nd7 6. 0-0 h6 7. Nbd2 Ne7 8. Nb3 Bh7 9. a4 Nf5 10. Bd3 Be7 11. g4 Nh4 12. Nxh4 Bxd3 13. Qxd3 Bxh4 14. f4 Qe7 15. a5 a6 16. c4 0-0-0 17. Bd2 f6 18. cxd5 exd5 19. Qg6 Rdf8 20. Ra4 Qe8 21. Qxe8+ Rxe8 22. Be1 Bxe1 23. Rxe1 fxe5 24. dxe5 Nf6 25. h3 Ne4 26. Nc1 g5 27. Nd3 gxf4 28. Kg2 h5 29. Nf2 hxg4 30. hxg4 f3+ 31. Kg1 Rhg8 32. Raxe4 dxe4 33. Rxe4 Rg5 34. Nd3 Reg8 35. Nf2 Re8 36. Nd3 Reg8 37. Nf2 Kd7 38. Rb4 Rxe5 39. Rxb7+ Kd6 40. Rf7 Rxa5 41. Rxf3 Rb5 42. b3 Rgb8 43. Ne4+ Ke5 44. Nd2 Rg8 45. Re3+ Kd4 46. Rg3 a5 47. Kf2 Rf8+ 48. Kg2 Rg8 49. g5 Rb7 50. Kh3 Re7 51. Nf3+ Ke4 52. Kg4 Reg7 53. Rg1 Rf8 54. Re1+ Kd3 55. Ne5+ Kc3 56. Nxc6 Kxb3 57. Nxa5+ Kc3 58. Nc6 Rfg8 59. Re5 Rxg5+ 60. Rxg5 Rxg5+ 61. Kxg5 1/2-1/2

[Event "Orlova op 9th"]
[Site "Orlova"]
[Date "2012.05.21"]
[Round "1.25"]
[White "Wodecki, Daniel"]
[Black "Kordela, Monika"]
[Result "1-0"]
[WhiteElo "2011"]
[BlackElo "1280"]
[PlyCount "75"]
[EventDate "2012.05.21"]
[EventType "swiss"]
[EventRounds "7"]
[EventCountry "CZE"]
[SourceTitle "CBM 148 Extra"]
[Source "ChessBase"]
[SourceDate "2012.06.22"]
[SourceVersion "1"]
[SourceVersionDate "2012.06.22"]
[SourceQuality "1"]

1. d4 d5 2. c4 Nf6 3. cxd5 Nxd5 4. e4 Nf6 5. e5 Nd5 6. Nc3 c6 7. Qb3 Nd7 8. Nxd5 cxd5 9. Qxd5 e6 10. Qb3 b6 11. Nf3 Bb7 12. Be2 Be7 13. 0-0 0-0 14. Be3 Rc8 15. Nd2 a6 16. Bf3 Bxf3 17. Nxf3 Rc6 18. Rac1 Qc7 19. Rxc6 Qxc6 20. Rc1 Qb7 21. Qc4 Bd8 22. Qc6 Qa7 23. h3 Nb8 24. Qe4 Qd7 25. Bg5 f6 26. exf6 Bxf6 27. Bxf6 Rxf6 28. Ne5 Qe8 29. Rc7 Qf8 30. Qb7 Rxf2 31. Rc8 Rf1+ 32. Kh2 Qxc8 33. Qxc8+ Rf8 34. Qxe6+ Kh8 35. Nf7+ Kg8 36. Nh6+ Kh8 37. Qg8+ Rxg8 38. Nf7# 1-0

[Event "Karvina op"]
[Site "Karvina"]
[Date "2010.07.04"]
[Round "2"]
[White "Wodecki, Daniel"]
[Black "Kireev, Aleksei"]
[Result "0-1"]
[WhiteElo "2015"]
[BlackElo "2368"]
[PlyCount "76"]
[EventDate "2010.07.03"]
[EventType "swiss"]
[EventRounds "9"]
[EventCountry "CZE"]
[SourceTitle "EXT 2011"]
[Source "ChessBase"]
[SourceDate "2010.11.26"]
[SourceVersion "1"]
[SourceVersionDate "2010.11.26"]
[SourceQuality "1"]

1. c4 g6 2. e4 d6 3. d4 e5 4. dxe5 dxe5 5. Qxd8+ Kxd8 6. Nc3 c6 7. g3 Bh6 8. Bh3 Bxc1 9. Rxc1 Nd7 10. Bxd7 Bxd7 11. Nf3 f6 12. c5 Nh6 13. Nd2 Be6 14. Ke2 Nf7 15. b3 Ke7 16. Rhd1 Rhd8 17. f3 h5 18. Na4 f5 19. Nb2 Rd4 20. exf5 gxf5 21. Ndc4 Rxd1 22. Rxd1 h4 23. Kf2 Rh8 24. Nd6 hxg3+ 25. Kxg3 f4+ 26. Kg2 Rg8+ 27. Kf2 Ng5 28. Nd3 Nxf3 29. Nxb7 Kf6 30. Nd6 Bd5 31. Nb4 Nd4 32. Nxd5+ cxd5 33. h4 Rh8 34. Rh1 e4 35. b4 e3+ 36. Ke1 f3 37. b5 Ke6 38. h5 f2+ 0-1

[Event "Orlova op 7th"]
[Site "Orlova"]
[Date "2010.05.25"]
[Round "5"]
[White "Klima, Lukas"]
[Black "Wodecki, Daniel"]
[Result "1-0"]
[WhiteElo "2400"]
[BlackElo "2019"]
[PlyCount "45"]
[EventDate "2010.05.22"]
[EventType "swiss"]
[EventRounds "7"]
[EventCountry "CZE"]
[SourceTitle "EXT 2012"]
[Source "ChessBase"]
[SourceDate "2011.11.24"]
[SourceVersion "1"]
[SourceVersionDate "2011.11.24"]
[SourceQuality "1"]

1. e4 e6 2. d4 d5 3. Nc3 Nf6 4. Bg5 Be7 5. e5 Nfd7 6. h4 a6 7. Qg4 h5 8. Qg3 g6 9. Nf3 c5 10. dxc5 Nc6 11. 0-0-0 Bxg5+ 12. Nxg5 Nxc5 13. Nce4 Nxe4 14. Nxe4 b5 15. Nd6+ Kf8 16. Qf4 Qe7 17. Rh3 Kg7 18. Rf3 Nd8 19. Qg3 b4 20. Rf6 Rh6 21. Qg5 Qd7 22. Rd4 Qa4 23. Rxf7+ 1-0

[Event "Raciborz op"]
[Site "Raciborz"]
[Date "2008.01.16"]
[Round "5"]
[White "Wielosz, Jaroslaw"]
[Black "Wodecki, Daniel"]
[Result "0-1"]
[WhiteElo "1963"]
[BlackElo "2040"]
[PlyCount "60"]
[EventDate "2008.01.12"]
[EventType "swiss"]
[EventRounds "9"]
[EventCountry "POL"]
[SourceTitle "EXT 2010"]
[Source "ChessBase"]
[SourceDate "2010.11.25"]
[SourceVersion "1"]
[SourceVersionDate "2010.11.25"]
[SourceQuality "1"]

1. d4 f5 2. g3 e6 3. Bg2 Nf6 4. c4 Be7 5. Nf3 0-0 6. 0-0 d5 7. b3 c6 8. Bb2 Ne4 9. Ne5 Nd7 10. f3 Ng5 11. Nd2 f4 12. gxf4 Rxf4 13. e3 Rh4 14. f4 Nxe5 15. dxe5 Nf7 16. Nf3 Rg4 17. Rc1 Nh6 18. Nd4 Bc5 19. Kh1 Bxd4 20. Bxd4 Bd7 21. cxd5 exd5 22. e6 Bxe6 23. Bh3 Qh4 24. Bxg4 Nxg4 25. Qd2 Bf5 26. Qb2 Re8 27. Rce1 Be4+ 28. Kg1 Re6 29. f5 Rh6 30. Bxg7 Qg3+ 0-1

[Event "Raciborz op"]
[Site "Raciborz"]
[Date "2008.01.13"]
[Round "2"]
[White "Wodecki, Daniel"]
[Black "Hasinski, Sebastian"]
[Result "1-0"]
[WhiteElo "2040"]
[BlackElo "1786"]
[PlyCount "41"]
[EventDate "2008.01.12"]
[EventType "swiss"]
[EventRounds "9"]
[EventCountry "POL"]
[SourceTitle "EXT 2010"]
[Source "ChessBase"]
[SourceDate "2010.11.25"]
[SourceVersion "1"]
[SourceVersionDate "2010.11.25"]
[SourceQuality "1"]

1. e4 e6 2. d4 d5 3. Nc3 Bb4 4. Nge2 dxe4 5. a3 Bxc3+ 6. Nxc3 Nc6 7. Bb5 Nge7 8. 0-0 0-0 9. Be3 f5 10. Ne2 a6 11. Bc4 Nd5 12. Qd2 Kh8 13. f3 f4 14. Bxf4 Nxf4 15. Nxf4 Qxd4+ 16. Qxd4 Nxd4 17. fxe4 Nxc2 18. Ng6+ hxg6 19. Rxf8+ Kh7 20. Rd1 Ne3 21. Rd3 1-0

[Event "Karvina op"]
[Site "Karvina"]
[Date "2007.??.??"]
[Round "3"]
[White "Bolacky, Jiri"]
[Black "Wodecki, Daniel"]
[Result "0-1"]
[WhiteElo "2258"]
[BlackElo "2021"]
[PlyCount "118"]
[EventDate "2007.07.??"]
[EventType "swiss"]
[EventRounds "9"]
[EventCountry "CZE"]
[SourceTitle "EXT 2010"]
[Source "ChessBase"]
[SourceDate "2010.11.25"]
[SourceVersion "1"]
[SourceVersionDate "2010.11.25"]
[SourceQuality "1"]

1. e4 e5 2. Nf3 Nc6 3. Bb5 Nge7 4. 0-0 d6 5. d4 Bd7 6. Nc3 Ng6 7. Nd5 Be7 8. c3 h6 9. Ne1 0-0 10. f4 exf4 11. Nd3 f3 12. g3 Nxd4 13. cxd4 Bxb5 14. Rxf3 Bxd3 15. Qxd3 c6 16. Ne3 Bg5 17. h4 Bxe3+ 18. Bxe3 Qe7 19. h5 Nh8 20. Rf4 f6 21. Re1 Nf7 22. Qc4 Kh8 23. Bd2 Qd7 24. Qf1 Ng5 25. Rf5 Nh7 26. Bc3 Rae8 27. Bb4 b6 28. Qd3 Rf7 29. g4 c5 30. Bc3 Rfe7 31. d5 Ng5 32. Rf4 Nf7 33. Kg2 Ne5 34. Bxe5 Rxe5 35. Kf3 Qa4 36. a3 a6 37. Qc3 Qd7 38. Qd3 Qb7 39. Rc1 b5 40. Qc3 Qb6 41. b3 R8e7 42. b4 c4 43. Re1 Qa7 44. Rc1 Kh7 45. Re1 Qd7 46. Re2 Rxh5 47. Qc2 Rh3+ 48. Kg2 Rd3 49. Kf1 Qa7 50. Ref2 Re5 51. R2f3 Qd4 52. Rxd3 cxd3 53. Qf2 Qc4 54. Kg2 Rxe4 55. Rxf6 Re2 56. Rxh6+ Kxh6 57. g5+ Kg6 58. Kh3 Rxf2 59. a4 Qf4 0-1

[Event "Karvina op"]
[Site "Karvina"]
[Date "2007.??.??"]
[Round "5"]
[White "Walowy, Bohumir"]
[Black "Wodecki, Daniel"]
[Result "1/2-1/2"]
[WhiteElo "2134"]
[BlackElo "2021"]
[PlyCount "40"]
[EventDate "2007.07.??"]
[EventType "swiss"]
[EventRounds "9"]
[EventCountry "CZE"]
[SourceTitle "EXT 2010"]
[Source "ChessBase"]
[SourceDate "2010.11.25"]
[SourceVersion "1"]
[SourceVersionDate "2010.11.25"]
[SourceQuality "1"]

1. d4 f5 2. e4 fxe4 3. Nc3 Nf6 4. Bg5 b6 5. f3 e3 6. Bxe3 Bb7 7. Bd3 e6 8. Qe2 Bb4 9. a3 Bxc3+ 10. bxc3 0-0 11. f4 Ne4 12. Nf3 Nxc3 13. Bxh7+ Kxh7 14. Qd3+ Be4 15. Qxc3 Bxf3 16. gxf3 Nc6 17. 0-0-0 Rf5 18. Rhg1 Qe7 19. Rg3 Raf8 20. Rdg1 R8f7 1/2-1/2

[Event "Karvina op"]
[Site "Karvina"]
[Date "2007.??.??"]
[Round "6"]
[White "Wodecki, Daniel"]
[Black "Blazkova, Petra"]
[Result "0-1"]
[WhiteElo "2020"]
[BlackElo "2235"]
[PlyCount "98"]
[EventDate "2007.07.??"]
[EventType "swiss"]
[EventRounds "9"]
[EventCountry "CZE"]
[SourceTitle "EXT 2010"]
[Source "ChessBase"]
[SourceDate "2010.11.25"]
[SourceVersion "1"]
[SourceVersionDate "2010.11.25"]
[SourceQuality "1"]

1. e4 d5 2. exd5 Qxd5 3. Nc3 Qa5 4. d4 Nf6 5. Nf3 Nc6 6. Be2 Bg4 7. h3 Bh5 8. Bd2 Bxf3 9. Bxf3 Nxd4 10. Bxb7 Rb8 11. Bf3 Qf5 12. 0-0 Nxf3+ 13. Qxf3 Qxf3 14. gxf3 e6 15. b3 Bd6 16. Rfe1 0-0 17. Rad1 Rfd8 18. Bg5 Bb4 19. Bxf6 gxf6 20. Rxd8+ Rxd8 21. Rd1 Rd6 22. Rxd6 cxd6 23. Nb5 a6 24. c3 Ba5 25. Nxd6 Bxc3 26. a3 Kf8 27. Kf1 Ke7 28. Ne4 Bb2 29. a4 Ba3 30. Ke2 f5 31. Nc3 Kd6 32. Kd3 Ke5 33. Na2 Bc5 34. b4 Bxf2 35. Nc3 Kf4 36. Ke2 Bd4 37. Kd3 Ba7 38. Ke2 Kg3 39. b5 axb5 40. axb5 Kxh3 41. Na4 Kg2 42. b6 Bxb6 43. Nxb6 h5 44. Nc4 h4 45. f4 h3 46. Ne3+ Kg1 47. Kf3 h2 48. Kg3 h1Q 49. Nxf5 Qg2+ 0-1

[Event "Karvina op"]
[Site "Karvina"]
[Date "2006.07.??"]
[Round "1"]
[White "Hasangatin, Ramil"]
[Black "Wodecki, Daniel"]
[Result "1/2-1/2"]
[WhiteElo "2491"]
[BlackElo "2001"]
[PlyCount "130"]
[EventDate "2006.07.??"]
[EventType "swiss"]
[EventRounds "7"]
[EventCountry "CZE"]
[SourceTitle "EXT 2008"]
[Source "ChessBase"]
[SourceDate "2007.11.25"]
[SourceVersion "1"]
[SourceVersionDate "2007.11.25"]
[SourceQuality "1"]

1. e4 d5 2. exd5 Nf6 3. Bb5+ Bd7 4. Be2 Nxd5 5. d4 e6 6. Nf3 c5 7. 0-0 cxd4 8. Nxd4 Bc5 9. Bf3 0-0 10. c4 Bxd4 11. Qxd4 Nc6 12. Qd1 Nde7 13. b3 Re8 14. Bb2 Nf5 15. Nc3 Qe7 16. Bg4 Rad8 17. Bxf5 exf5 18. Nd5 Qe2 19. Qc1 Qg4 20. Qc3 Re6 21. f3 Qg5 22. f4 Qg4 23. Rf3 Rg6 24. Rg3 Qh5 25. Nf6+ gxf6 26. Qxf6 Kf8 27. Qh8+ Ke7 28. Ba3+ Rd6 29. Qg7 a5 30. Rd3 Be6 31. Bc5 b6 32. Bxd6+ Rxd6 33. Rxd6 Kxd6 34. Rc1 Qe2 35. Qc3 Kc5 36. a3 Qe4 37. Kh1 Qd4 38. Qg3 Qe4 39. Qf2+ Qd4 40. Qf1 Qe3 41. Rb1 h5 42. Rd1 Nd4 43. Rd3 Qe2 44. Qb1 Qc2 45. b4+ Kc6 46. Qxc2 Nxc2 47. Rc3 Nxb4 48. axb4 axb4 49. Rc1 Kc5 50. Kg1 Kd4 51. Rd1+ Kc3 52. Kf2 Kc2 53. Rd6 b3 54. Rxb6 b2 55. Kg3 Bxc4 56. Rxb2+ Kxb2 57. Kh4 Be2 58. Kg5 Kc3 59. Kxf5 Kd4 60. g3 Ke3 61. Kf6 Kf3 62. Kxf7 Kg2 63. f5 Kxh2 64. Kg6 Kxg3 65. f6 Bc4 1/2-1/2